000 01892cam a22004094i 4500
003 PE-LiUPU
005 20250731183422.0
008 150625s r 000 0 d
020 _a9788428214339
035 _a(Sirsi) i9788428214339
040 _aPE-LiUPU
_bspa
_cPE-LiUPU
_erda
049 _aPRUA
082 0 4 _a791.45
_bK56
_221
100 1 _aKindem, Gorham ,
_eautor.
245 1 0 _aManual de producción audiovisual digital /
_cGorham Kindem, Robert B. Musburger.
250 _a3a
264 1 _aBarcelona :
_bEdiciones Omega,
_c2007.
300 _a309 páginas :
_bilustraciones, gráficos, cuandros, color ;
_c28 centímetros
336 _atext
_2rdacontent
337 _aunmediated
_2rdamedia
338 _avolume
_2rdacarrier
505 0 _aProducción: tecnologías analógica y digital. -Producción y gestión de la producción. -Escritura de un guión. -Dirección: principios estéticos y coordinación de rodaje. -Audio/sinido. -Iluminación. -Cámaras. -Grabación. -Diseño y grafismo. -Montaje de imagen. -Montaje de sonido. -Animación y efectos especiales. -Distribución y exhibición.
526 _aP158
526 _aP146
526 _aP17
526 _aP12
526 _aP06
541 _g001-0029256;
650 0 4 _aElectrónica digital.
650 0 4 _aTelevisión
_xProducción y dirección.
700 1 _aMusburger, Robert B.,
_eautor.
942 _2ddc
_cBOOK
949 _a791.45 K56
_wDEWEY
_c1
_i59188
_lCCODEBUL1
_mBUL
_p114.00
_r0
_sY
_tBOOK
_u2015-6-25
_xEDUCACION
_PP07
_0COMPRA
_o.STAFF. Colección General
994 _aC0
_bPEPRU
596 _a1
999 _a791.45 K56
_wDEWEY
_c47999
_i59188
_d47999
_e2019-8-19
_f2021-11-8
_g5
_lCCODEBUL1
_mBUL
_n5
_p114.00
_q1
_r0
_sY
_tBOOK
_u2015-6-25
_xEDUCACION
_PP07
_0COMPRA
_o.STAFF. Colección General
980 _81
_gALBERTO SANCHEZ Responsable de Automatización